RICS Dispute Resolution Professional Group forms working party to look at existing guidance (Record no. 83184)
[ view plain ]
| 000 -LEADER | |
|---|---|
| fixed length control field | 01186cab a22002175a 4500 |
| 001 - CONTROL NUMBER | |
| control field | L153093 |
| 008 - FIXED-LENGTH DATA ELEMENTS--GENERAL INFORMATION | |
| fixed length control field | 110607e20110606xxk 000 0 eng d |
| 035 ## - SYSTEM CONTROL NUMBER | |
| System control number | (Sirsi) u153093 |
| 041 0# - LANGUAGE CODE | |
| Language code of text/sound track or separate title | eng |
| 245 00 - TITLE STATEMENT | |
| Title | RICS Dispute Resolution Professional Group forms working party to look at existing guidance |
| Medium | [electronic resource] |
| 260 ## - PUBLICATION, DISTRIBUTION, ETC. | |
| Date of publication, distribution, etc. | 2011 |
| 490 ## - SERIES STATEMENT | |
| Series statement | RICS Press Release |
| Volume/sequential designation | 6 June 2011 |
| 520 ## - SUMMARY, ETC. | |
| Summary, etc. | Outlines the findings of the RICS Working Party set up to review "RICS Practice Statement and Guidance Note for Surveyors acting as expert witnesses" 3rd edition following "Jones v Kaney" [2011] UKSC 13 (L152587) which abolished expert witness immunity. Concludes that GN22 and Appendix C require revision to be published as a separate addendum. |
| 590 ## - LOCAL NOTE (RLIN) | |
| Local note | KA |
| 650 24 - SUBJECT ADDED ENTRY--TOPICAL TERM | |
| Topical term or geographic name entry element | JONES V KANEY |
| 650 24 - SUBJECT ADDED ENTRY--TOPICAL TERM | |
| Topical term or geographic name entry element | RICS PRACTICE STATEMENT AND GUIDANCE NOTE FOR SURVEYORS ACTING AS EXPERT WITNESSES 3RD EDITION |
| 651 #4 - SUBJECT ADDED ENTRY--GEOGRAPHIC NAME | |
| Geographic name | UNITED KINGDOM |
| 690 ## - LOCAL SUBJECT ADDED ENTRY--TOPICAL TERM (OCLC, RLIN) | |
| Topical term or geographic name as entry element | MANAGEMENT-DISPUTE AVOIDANCE, MANAGEMENT AND RESOLUTION-DISPUTE MANAGEMENT AND RESOLUTION |
| 856 40 - ELECTRONIC LOCATION AND ACCESS | |
| Uniform Resource Identifier | <a href="https://www.rics.org/site/scripts/news_article.aspx?newsID=2272">https://www.rics.org/site/scripts/news_article.aspx?newsID=2272</a> |
| Public note | View this item free of charge at www.rics.org |
| 942 ## - ADDED ENTRY ELEMENTS (KOHA) | |
| Suppress in OPAC | 0 |
| Withdrawn status | Lost status | Source of classification or shelving scheme | Damaged status | Not for loan | Home library | Current library | Shelving location | Date acquired | Total Checkouts | Full call number | Barcode | Date last seen | Copy number | Price effective from | Koha item type |
|---|---|---|---|---|---|---|---|---|---|---|---|---|---|---|---|
| Dewey Decimal Classification | Virtual | Virtual | Online | 07/06/2011 | ONLINE PUBLICATION | 153093-2001 | 06/08/2019 | 1 | 06/08/2019 | Journal article |